An Irish Blessing: Follow That Line Quiz Stats

 Plays Quiz not verified by Sporcle

Challenge
Share
Tweet
Embed
Score 0/6 Timer 04:00
0 Plays Today
Hint Answer % Correct
And until wemeet again,
81%
May the roadrise up to meet you.
76.2%
May the windalways be at your back.
69%
May God hold you in the palm of His hand.
57.1%
and rains fall soft upon your fields.
50%
May the sunshine warm upon your face,
47.6%

You're not logged in!

Compare scores with friends on all Sporcle quizzes.
Join for Free
OR
Log In

You Might Also Like...

Show Comments

Extras

Top Quizzes Today


Score Distribution

Your Account Isn't Verified!

In order to create a playlist on Sporcle, you need to verify the email address you used during registration. Go to your Sporcle Settings to finish the process.

Report this User

Report this user for behavior that violates our Community Guidelines.

Details: